College Football Trivia Chain Game - Statistics

General Stats
  • This quiz has been taken 151 times
    146 since last reset
  • The average score is 12 of 20
Answer Stats
Hint Answer % Correct
Which team has the most Iron Bowl wins? Alabama
100%
Which team has the most Iron Bowl losses? Auburn
93%
What is Florida State's team nickname? Seminoles
75%
Which is the name for the game between Ole Miss and Mississippi State? Egg Bowl
69%
What is Boston College's team nickname? Eagles
68%
What city do the Florida Gators play? Gainesville
67%
Which school is known for historically scheduling games all across the country? Notre Dame
67%
Which state hosts the Sugar Bowl? Louisiana
64%
What former Ole Miss QB forced his way out of the team that drafted him without playing a game? Eli Manning
61%
Which former national powerhouse has fallen on hard times since joining the Big Ten? Nebraska
60%
What city do the Oregon Ducks play? Eugene
59%
What is the last name of Alabama's most recent Heisman winner? Young
58%
Out of all of the states with two or more Pac-12 teams, which has won the least amount of conference titles? Arizona
53%
Which team had the longest winning streak in CFB history? Oklahoma
52%
Which Oklahoma running back finished second in Heisman voting in 2004 - the highest finish for a freshman at that time? Adrian Peterson
51%
Which school is the most recent to leave the Southwest Conference for the SEC? Arkansas
47%
Which school did Jim Brown play for? Syracuse
46%
What state was the first college football game held? New Jersey
45%
Which Louisiana based HBCU has won the most SWAC titles? Grambling
35%
What is the name of the bowl game that is based out of El Paso and is the oldest to never have been used as a championship game? Sun
32%
No matching quizzes found
Score Distribution
Percent of People with Each Score
Percentile by Number Answered
Your Score History
You have not taken this quiz since the last reset